000 00211 a2200097 4500
001 1371
100 _aBassin,M.G
245 _aStatics and strength of materials
260 _a
_bMcgrawhill
_c
090 _c920
_d920
942 _aNUST-CAE
_cM
_c36045
999 _c236444
_d236444